Normal view
MARC view
Entry Personal Name
001 - CONTROL NUMBER
- control field: 13777
003 - CONTROL NUMBER IDENTIFIER
- control field: ARRUPE
005 - DATE AND TIME OF LATEST TRANSACTION
- control field: 20150113123456.0
008 - FIXED-LENGTH DATA ELEMENTS
- fixed length control field: 150113|| aca||aabn | a|a d
040 ## - CATALOGING SOURCE
- Original cataloging agency: ARRUPE
- Transcribing agency: ARRUPE
100 ## - HEADING--PERSONAL NAME
- Personal name: Jeans, James Hopwood,
- Titles and other words associated with a name: Sir,
- Dates associated with a name: 1877-1946.
670 ## - SOURCE DATA FOUND
- Source citation: Work cat.: (ARRUPE)0: Jeans, James Hopwood, Sir, 1877-1946., Science and music /, 2009.